Rizoma : introducción /
Ensayo que desarrolla un modelo epistemológico para concebir la realidad, dotado de una estructura pero con posibilidades de partir desde cualquier punto, y que contrapone al pensamiento lógico basado en principios. Toma como referencia la manera como se despliega el rizoma, que en biología es un ta...
Salvato in:
| Autore principale: | |
|---|---|
| Altri autori: | |
| Natura: | Libro |
| Lingua: | spagnolo |
| Pubblicazione: |
México :
Premiá,
1978, c1978
|
| Serie: | (La Red de Jonás)
|
| Soggetti: | |
| Tags: |
Nessun Tag, puoi essere il primo ad aggiungerne!!
|
MARC
| LEADER | 00000nam^a2200000^a^4500 | ||
|---|---|---|---|
| 001 | 000319186 | ||
| 005 | 20250521000000.0 | ||
| 009 | 20260310113434.693 | ||
| 020 | |a 968-434-062-1 | ||
| 037 | |a Acervo ITESO - Biblioteca | ||
| 041 | |a ESP | ||
| 082 | |a 121. |b DEL | ||
| 100 | |a Deleuze, Gilles |e (autor) | ||
| 245 | 1 | 0 | |a Rizoma : |b introducción / |c G. Deleuze, F. Guattari ; tr. por José Vázquez Pérez, Umbelina Larraceleta. |
| 264 | 4 | |a México : |b Premiá, |c 1978, c1978 | |
| 300 | |a 39 p. | ||
| 336 | |a texto |b txt |2 rdacontenido | ||
| 337 | |a sin mediación |b n |2 rdamedio | ||
| 338 | |a volumen |b nc |2 rdasoporte | ||
| 440 | 3 | |a (La Red de Jonás) | |
| 500 | |a Traducción de: Rhizome: Introduction | ||
| 520 | |a Ensayo que desarrolla un modelo epistemológico para concebir la realidad, dotado de una estructura pero con posibilidades de partir desde cualquier punto, y que contrapone al pensamiento lógico basado en principios. Toma como referencia la manera como se despliega el rizoma, que en biología es un tallo. | ||
| 649 | |a XX | ||
| 650 | |a Epistemología - |x Tema Principal | ||
| 650 | |a Estructuralismo | ||
| 650 | |a Filosofía del Siglo XX | ||
| 700 | |a Guattari, Félix |e (autor) | ||
| 910 | |a Fondo Armando Suárez Gómez | ||
| 920 | |a Impresos - Libros | ||
| 930 | |a Fondos Especiales | ||
| 905 | |a 111 | ||
| 901 | |a 0700002431 |b IT2 |c ESP |u 20250521 | ||
| 901 | |a 0700002432 |b IT2 |c ESP |u 20250521 | ||
| 902 | |a https://opac.biblio.iteso.mx/vufind/Record/000319186 | ||